000
00306nam a2200133Ia 4500
008
240624s9999 xx 000 0 und d
041
_a
eng
082
_a
306 MIC
100
_a
MICHELS ROBERT
245
_a
POLITICAL PARTIES
260
_c
1966
_a
New York
_b
Free Press
300
_a
380 : p.
365
_c
_b
25
999
_c
21265
_d
21265